Philatelic Tribute to Sachin/ (Record no. 190380)

MARC details
000 -LEADER
fixed length control field 00448nam a22001697a 4500
005 - DATE AND TIME OF LATEST TRANSACTION
control field 20220722160206.0
010 ## - LCCN (DPL NO)
LC control number ENG-133866
020 ## - INTERNATIONAL STANDARD BOOK NUMBER
Terms of availability 750.00
035 ## - SYSTEM CONTROL NUMBER
System control number EN-117398
037 ## - SOURCE OF ACQUISITION
Source of stock number/acquisition DBAD/PUB
082 ## - DEWEY DECIMAL CLASSIFICATION NUMBER
Classification number 769.56954
245 ## - TITLE STATEMENT
Title Philatelic Tribute to Sachin/
260 ## - PUBLICATION, DISTRIBUTION, ETC. (IMPRINT)
Place of publication, distribution, etc Kolkata
Name of publisher, distributor, etc Philatelia
Date of publication, distribution, etc 2014
270 ## - ADDRESS
Address One Moti Sil Street
City Kolkata
Postal code 700013
300 ## - PHYSICAL DESCRIPTION
Extent 320p.
Dimensions 21cm(pbk)
942 ## - ADDED ENTRY ELEMENTS (KOHA)
Source of classification or shelving scheme Dewey Decimal Classification
Item type English Books
Classification part 769.56954
Call number suffix PHI
Holdings
Withdrawn status Lost status Not for loan Collection code Home library Current library Date acquired Source of acquisition Cost, normal purchase price Full call number Barcode Copy number Cost, replacement price Koha item type
      Non-fiction Patel Nagar Patel Nagar 22/07/2022 DBAD 750.00 769.56954 PHI EN-117398 1 750.00 English Books

© Delhi Public Library
Hit Counter
free hit counter